| 000 | 00833nam a2200217 a 4500 | ||
|---|---|---|---|
| 001 | BRCA_520 | ||
| 005 | 20190320203038.0 | ||
| 008 | 720906s1972 nyua c 000 0 eng | ||
| 040 |
_aDLC _cDLC _dDLC |
||
| 050 | 4 |
_aGT605 _b.C65 1972 |
|
| 100 | 1 |
_aColeman, Elizabeth Ann _91790 |
|
| 245 | 1 | 0 |
_aChanging fashions _b1800-1970 _cElizabeth Ann Coleman. |
| 260 |
_a[Brooklyn] _bThe Brooklyn Museum _c[1972] |
||
| 300 |
_a[71] p. _bil. _c26 cm. |
||
| 500 | _aIssued in conjunction with the inaugural installation in the newly designed Costume Galleries of The Brooklyn Museum | ||
| 610 | 2 | 4 |
_aBrooklyn Museum of Art (Nueva York) _xSalas de exposición permanente _91791 |
| 650 | 1 | 4 |
_aPrendas de vestir _vCatálogos _xHistoria _zEstados Unidos _91792 |
| 650 | 1 | 4 |
_aModa _ySiglo XIX-XX _zEstados Unidos _91793 |
| 653 | 0 | _aIndumentaria | |
| 942 |
_2lcc _cB |
||
| 999 |
_c452 _d452 |
||